Music Quiz

Random Music or Rock Quiz

Clicky-oke: Unchained Melody by the Righteous Brothers Quiz Stats

Quiz not verified by Sporcle

Challenge
Share
Tweet
Embed
Score 0/19 Timer 05:00
1 Play Today
% Correct
your touch
94.8%
lonely time
93.6%
still mine?
93.1%
My darling
90.8%
your touch
89.6%
so much
89.6%
My darling
89%
I need your love
88.4%
lonely time
88.4%
And time can do so much
87.3%
% Correct
still mine?
87.3%
to the sea, to the sea
85.5%
so slowly
85.5%
to me
85.5%
I need your love
82.1%
to me
81.5%
wait for me'
80.3%
of the sea
71.7%
'Wait for me, wait for me
48%

You're not logged in!

Compare scores with friends on all Sporcle quizzes.
Join for Free
OR
Log In

You Might Also Like...

Show Comments

Extras

Top Quizzes Today


Score Distribution

Your Account Isn't Verified!

In order to create a playlist on Sporcle, you need to verify the email address you used during registration. Go to your Sporcle Settings to finish the process.

Report this User

Report this user for behavior that violates our Community Guidelines.

Details: